| 000 | 01646nkm a2200409 c 4500 | ||
|---|---|---|---|
| 003 | BLK | ||
| 005 | 20180422121050.0 | ||
| 008 | 180412b bul rap|r|||| r0| ||bulo| | ||
| 010 | _aKNG00163796000 | ||
| 040 | _aBLK | ||
| 041 |
_aRUS _cRUS _hFRE |
||
| 080 |
_aЖивопис _b75 _x:069(44) _z75:069(44) |
||
| 080 |
_aМузеи. Сбирки. Галерии. Постоянни изложби. Музеология Лит. върху спец.(отраслеви) музеи се класиф. в съответните отдели със съотношение, също и в 069.02 _b069 _x(44) _z069(44) |
||
| 700 | 1 |
_aЗолотов, Юрий Константинович _eавт.-состав. _9387217 |
|
| 139 |
_aЛувр. Париж _bЛ 85 |
||
| 245 | 1 | 0 |
_aЛувр. Париж _cавт.-состав. Юрий Константинович Золотов. |
| 246 | 1 | 1 | _aMusee du Louvre. Paris |
| 257 | _aSUN | ||
| 260 |
_аМосква _bИзобраз. искусство _c1971 |
||
| 300 |
_a208 с. _bс ил. _c31 см |
||
| 380 | _a7 | ||
| 490 | 1 | _aМузеи мира | |
| 500 | _aСписък на репрод. - 30 000 тир. | ||
| 650 | 4 |
_aЖивопис _9155358 |
|
| 650 | 4 |
_aЛувър _9160827 |
|
| 650 | 4 |
_aМузеи - Франция _9277417 |
|
| 651 | 4 |
_aФранция _9179722 |
|
| 653 | _aживопис | ||
| 653 | _aЛувър | ||
| 653 | _aПариж | ||
| 653 | _aгалерии | ||
| 852 | _aЦб Гр А ІІ 4630 | ||
| 856 | 4 |
_qpdf _u |
|
| 856 | 4 |
_qpdf _u |
|
| 942 |
_cGRA _n0 |
||
| 944 |
_aCR _c25.07.2014 _l25.07.2014 - от С1,Р / 25.07.2014 _kКамелия_Данева |
||
| 944 |
_aED _c25.07.2014 _l25.07.2014 - от С1,Р / 25.07.2014 _k |
||
| 999 |
_c210270 _d210270 |
||